Statystyki dla 15 najbardziej dotkniętych krajów Covid-19 - 30 maja

Kliknij tutaj aby rozwiązać quiz!

Ogólne statystyki

  • Ten quiz został rozwiązany 35 razy
  • Średni wynik to 12 z 25

Statystyki odpowiedzi

kraj% Poprawnych
Stany Zjednoczone
97%
Niemcy
91%
Francja
85%
Rosja
85%
Włochy
85%
Hiszpania
79%
Brazylia
76%
Wielka Brytania
76%
Meksyk
73%
Kanada
70%
Indie
67%
Szwecja
48%
Iran
45%
Turcja
45%
Belgia
39%
Białoruś
33%
Peru
33%
Irlandia
27%
Chile
24%
Chile
24%
Szwajcaria
18%
Katar
12%
Kuwejt
6%
Bahrajn
3%
Singapur
3%

Rozkład punktacji

Percentyl według liczby udzielonych odpowiedzi

Procent ludzi z każdym wynikiem

Twoja historia wyników

Nie rozwiązałeś tego quizu